[Event "Nuremberg Zabo op 12th"]
[Site "Nuremberg"]
[Date "2010.09.18"]
[Round "3"]
[White "Thuerauf, Peter"]
[Black "Lohse, Dirk"]
[Result "1-0"]
[WhiteElo "1787"]
[BlackElo "1484"]
[PlyCount "105"]
[EventDate "2010.09.17"]
[EventType "swiss"]
[EventRounds "5"]
[EventCountry "GER"]
[SourceTitle "EXT 2011"]
[Source "ChessBase"]
[SourceDate "2010.11.26"]
[SourceVersion "1"]
[SourceVersionDate "2010.11.26"]
[SourceQuality "1"]

1. d4 d5 2. Nf3 Nf6 3. c4 e6 4. Nc3 Be7 5. Bg5 h6 6. Bh4 0-0 7. e3 c6 8. Rc1 Nbd7 9. Bd3 dxc4 10. Bxc4 Nd5 11. Bxe7 Qxe7 12. 0-0 b5 13. Bxd5 exd5 14. Ne2 Bb7 15. Qd3 Nf6 16. Ne5 Rac8 17. Rc2 Nd7 18. Nxd7 Qxd7 19. b4 f5 20. Nf4 Rf6 21. Qd2 Ra8 22. Nd3 Qe7 23. Rfc1 Rc8 24. Ne5 a6 25. a3 Qd8 26. f4 Qe7 27. Qe1 Rd6 28. Qg3 Qf6 29. Kh1 Kh8 30. h4 g6 31. Qh3 h5 32. g3 Kg7 33. Qg2 Qe7 34. Qd2 Qf6 35. Qc3 Qe7 36. Qc5 Qc7 37. Ra1 Re6 38. a4 Qe7 39. axb5 Qxc5 40. Rxc5 axb5 41. Ra7 Rc7 42. Nxc6 Rxe3 43. Nd8 Rce7 44. Rxb7 Rxb7 45. Nxb7 Rxg3 46. Kh2 Rg4 47. Kh3 Rxf4 48. Rxd5 Re4 49. Nc5 Re3+ 50. Kg2 Kf6 51. Nd7+ Kg7 52. Ne5 Re4 53. Nf3 1-0

[Event "Nuremberg Zabo op 12th"]
[Site "Nuremberg"]
[Date "2010.09.17"]
[Round "1"]
[White "Brenner, Christian"]
[Black "Lohse, Dirk"]
[Result "1-0"]
[WhiteElo "1966"]
[BlackElo "1484"]
[PlyCount "129"]
[EventDate "2010.09.17"]
[EventType "swiss"]
[EventRounds "5"]
[EventCountry "GER"]
[SourceTitle "EXT 2011"]
[Source "ChessBase"]
[SourceDate "2010.11.26"]
[SourceVersion "1"]
[SourceVersionDate "2010.11.26"]
[SourceQuality "1"]

1. e4 e5 2. Nf3 Nc6 3. Bb5 a6 4. Ba4 Nf6 5. 0-0 Be7 6. Re1 b5 7. Bb3 d6 8. c3 0-0 9. h3 Na5 10. Bc2 c5 11. d4 cxd4 12. cxd4 Qc7 13. Nbd2 Bb7 14. Nf1 Rac8 15. Bd3 h6 16. Ng3 Nc6 17. Nf5 exd4 18. N3xd4 Ne5 19. Bb1 Rfe8 20. Bf4 Kh7 21. Nxe7 Rxe7 22. Nf5 Rd7 23. a4 Bc6 24. Ra3 b4 25. Rg3 Rg8 26. b3 a5 27. Bc1 Qb7 28. f4 Nxe4 29. Nxd6 Rxd6 30. Qxd6 Ng6 31. Bxe4 Bxe4 32. Qc5 Ra8 33. f5 Nh4 34. Rg4 Rc8 35. Qe5 Nxf5 36. Rgxe4 Qb6+ 37. Kh2 Rc5 38. Qf4 g5 39. Qf3 Qc7+ 40. Kg1 Nh4 41. Qd3 Rc3 42. Re7+ Rxd3 43. Rxc7 Kg6 44. Rc6+ Kg7 45. Re3 Rd1+ 46. Kf2 Nf5 47. Bb2+ Kh7 48. Re2 Rd3 49. Rf6 Nd6 50. Be5 Ne8 51. Rxf7+ Kg8 52. Rf3 Rd8 53. Ke3 Rd7 54. Rd2 Re7 55. Ke4 Kh7 56. Rd5 Ra7 57. Rf8 Ra8 58. Rd7+ Kg6 59. g4 h5 60. gxh5+ Kxh5 61. Re7 Nd6+ 62. Bxd6 Rxf8 63. Rh7+ Kg6 64. Bxf8 Kxh7 65. Kf5 1-0